000 002970000a22001450004500
003 MACL
040 _aMACL
090 _c33845
_d33843
100 _aSingh, S C
245 _aObjective Physics
260 _bBright Careers institus
350 _a300
650 _aPhysics
942 _cBOOK
_k530/Sin
999 _c33490
_d33490